Konferencia o Dr. Alexandrovi

Bibliographic Details
Format: Article
Language:Slovak
PhysicalDescription:Fotogr.
Subjects:

MARC

LEADER 00000nab a2200000 ar4500
001 vtls009083340
003 SK-MaSNL
005 20260304174544.0
008 070728c2006 xo er|p|||||||000 b|slo
038 |a PPPK 
040 |a PPPKCL  |b slo  |c PPPKCL  |e AACR2 
041 0 |a slo 
044 |a xo  |c SK 
080 |a 616-051  |2 1997 
080 |a 615.849:621.386  |2 1997 
080 |a 621.386  |2 1997 
080 |a 061.3  |2 1997 
245 0 0 |a Konferencia o Dr. Alexandrovi  |c [autor] av 
300 |b Fotogr. 
600 1 7 |a Alexander, Vojtech,  |d 1857-1916  |2 pppkcl  |9 9724 
611 2 7 |a Dr. Alexander - röngenológ a človek  |g konferencia  |d (2006 :  |c Kežmarok, Slovensko)  |2 pppkcl  |9 1506005 
650 0 7 |a lekári  |x röntgenológia  |2 pppkcl  |9 1506004 
650 0 7 |a röntgenológia  |x priekopníci  |2 pppkcl  |9 1506006 
651 7 |a Kežmarok (Slovensko)  |2 pppkcl  |9 26808 
773 0 |t Kežmarok  |g Roč. XIV, č. 10 (2006), s. 8 
852 |a PPPK  |b KIS3GCP 
856 |a www.kezmarok.sk 
999 |c 3009321  |d 3011251